000 01347cam a2200325 i 4500
999 _c6412
_d6412
003 BJBSDDR
005 20230404125854.0
007 ta
008 141002s2014 sp a 000 0 spa
020 _a9788483199190
020 _a848319919X
040 _bspa
_cBJBSDDR
041 0 _aspa
050 1 4 _aHC 125
_bP922c 2014
100 1 _aPrebisch, Raúl,
_d1901-1986
245 1 4 _aLos caminos del desarrollo :
_blecciones /
_cRaúl Prebisch ; José Ángel Sotillo (coordinador) ; introducción de Antonio Palazuelos.
260 _aMadrid :
_bLos Libros de la Catarata :
_bInstituto Universitario de Desarrollo y Cooperación - IUDC,
_c2014.
300 _a149 pages :
_billustrations ;
_c21 cm.
440 0 _aSerie Desarrollo y cooperación ;
_v490
650 0 _aLatin America
_xEconomic conditions
_y1945-
650 0 _aEconomic development
_xGovernment policy
_zLatin America
_y20th century.
650 4 _aDesarrollo económico
_xPolítica gubernamental
_zAmérica Latina
_ySiglo XX.
_916867
650 4 _aCrisis financiera
_zAmérica Latina
_ySiglo XX
_91793
651 4 _aAmérica Latina
_xCondiciones económicas
_y1945-
_92526
651 0 _aFinancial crises
_zLatin America
_y20th century.
700 1 _916868
_aSotillo Lorenzo, José Angel
_ecoordinador
700 1 _916869
_aPalazuelos Manso, Antonio
942 _2lcc
_cBK
946 _aYSL